Subdivisions of the Union of Britain in 1935 on a Map - Statistics

General Stats
  • This quiz has been taken 77 times
    76 since last reset
  • The average score is 9 of 15
Answers on the Map
Answers color-coded by a green-red scale on the quiz's map according to % correct below.
 
Answer Stats
Answer % Correct
London
100%
Scotland
100%
Wales
100%
Isle of Man
97%
Yorkshire
73%
Wessex
68%
East Anglia
60%
Channel Islands
59%
East Midlands
59%
Northumbria
59%
West Midlands
59%
Lancashire
40%
St. Helena and Ascension Island
25%
West Country
22%
Home Provinces
10%
No matching quizzes found
Score Distribution
Percent of People with Each Score
Percentile by Number Answered
Your Score History
You have not taken this quiz since the last reset